Podpora informovanosti konečných spotrebiteľov tepla

Saved in:
Bibliographic Details
Main Author: Petrovič, Marek, 1977- (Author)
Other Authors: Urban, František, 1952- (Thesis advisor)
Format: Manuscript Book
Language:Slovak
Published: Bratislava : STU v Bratislave SjF, 2010
Subjects:
Online Access:VAIS
Tags: Add Tag
No Tags, Be the first to tag this record!

MARC

LEADER 00000ntm a22000003a 4500
001 stu210275
005 20150617230104.9
008 100901s2010----xo------------------slo-d
040 |a STU  |b slo 
041 0 |a slo 
044 |a xo 
100 1 |a Petrovič, Marek,  |d 1977-  |4 aut  |u J  |T SjF Strojnícka fakulta  |X 41488  |U J  |Y 20  |7 A000041488 
242 0 0 |a Promoting awareness of final consumer  |y eng 
245 1 |a Podpora informovanosti konečných spotrebiteľov tepla 
260 |a Bratislava :  |b STU v Bratislave SjF,  |c 2010 
650 7 |a spotrebič tepla  |2 stusub 
700 1 |a Urban, František,  |d 1952-  |4 ths  |u J0060  |U SjF Strojnícka fakulta  |T SjF Ústav tepelnej energetiky  |X 2435  |U J0060  |Y 805  |7 A000002435 
856 4 |a info a plný text  |u http://is.stuba.sk/zp/portal_zp.pl?podrobnosti=43297  |3 VAIS 
996 |b 284J038883  |c J*751/BP  |l JJSK  |s A  |a 24  |w stu210275_0001